Statistics for Latin America and the Caribbean capitals 30 second sprint

Click here to take the quiz!

General Stats

  • This quiz has been taken 17 times
  • The average score is 6 of 34

Answer Stats

CountryCapital% Correct
ArgentinaBuenos Aires
89%
BrazilBrasília
67%
Bolivia (seat of the government)La Paz
67%
ChileSantiago
67%
BelizeBelmopan
56%
Antigua and BarbudaSaint John’s
56%
Bolivia (legastative)Sucre
56%
BarbadosBridgetown
44%
ColombiaBogota
33%
CubaHavana
11%
PeruLima
11%
MexicoMexico City
11%
PanamaPanama City
11%
Costa RicaSan Jose
11%
ParaguayAsunción
0%
Saint Kitts and NevisBasseterre
0%
VenezuelaCaracas
0%
Saint LuciaCastries
0%
French Guiana (France)Cayenne
0%
GuyanaGeorgetown
0%
GuatemalaGuatemala City
0%
JamaicaKingston
0%
Saint Vincent and the GrenadinesKingstown
0%
NicaraguaManagua
0%
UruguayMontevideo
0%
The BahamasNassau
0%
SurinameParamaribo
0%
HaitiPort-au-Prince
0%
Trinidad and TobagoPort of Spain
0%
DominicaRoseau
0%
GrenadaSaint George’s
0%
El SalvadorSan Salvador
0%
Dominican RepublicSanto Domingo
0%
HondurasTegucigalpa
0%

Score Distribution

Percentile by Number Answered

Percent of People with Each Score

Your Score History

You have not taken this quiz